Famous "Mans" - Statistics

General Stats
  • This quiz has been taken 139 times
  • The average score is 11 of 20
Answer Stats
Clue Answer % Correct
Jewish actress of "Black Swan" Natalie Portman
86%
She divorced Tom Cruise to marry Keith Urban Nicole Kidman
85%
Wolverine, the actor Hugh Jackman
81%
Rain Man Dustin Hoffman
74%
Heavyweight grill salesman who fought Ali in Congo George Foreman
74%
American President whose middle name was merely an initial Harry Truman
70%
Female lead in "Casablanca" Ingrid Bergman
69%
First European to reach Tasmania and New Zealand Abel Tasman
59%
Escaped slave who made 13 missions back to Maryland, freeing 70 slaves Harriet Tubman
58%
American basketball player who is friends with Kim Jong-un Dennis Rodman
55%
Jay Leno's CBS counterpart and late night host with a Top 10 list David Letterman
54%
"Cool Hand Luke" star Paul Newman
54%
Actor who depicted Winston Churchill in "Darkest Hour" Gary Oldman
53%
Actor who narrates just about everything and owns a blues club in Clarksdale Morgan Freeman
47%
Criminal who murdered John Lennon Mark David Chapman
46%
Golfer called "The Shark" Greg Norman
40%
Greatest cricketer of all-time? Donald Bradman
34%
Union general who marched to the sea, burning Atlanta along the way William Sherman
34%
2000 Jewish Vice Presidential nominee Joe Lieberman
24%
British author who wrote "American Gods" and "Caroline" Neil Gaiman
16%
No matching quizzes found
Score Distribution
Percent of People with Each Score
Percentile by Number Answered
Your Score History
You have not taken this quiz